000 01126nam0a22002651 4500
001 rc\2180186
005 20250623000312.0
035 _a(NLR Aleph) 006483015
090 _a6053395
_c6053395
100 _a20110829d1979 |||y0rusy50 ca
101 0 _arus
102 _aRU
105 _aa i |||||
200 1 _aВероятностно-статистические методы в инженерных задачах
_eКонспект лекций
_eДля спец. 0642 "Информ.-измерит. техника"
210 _aЛенинград
_cЛЭТИ
_d1979
215 _a58 с.
_cил.
_d20
300 _aВ надзаг.: М-во высш. и сред. спец. образования РСФСР, Ленингр. электротехн. ин-т им. В.И. Ульянова (Ленина)
320 _aБиблиогр.: с. 56
700 1 _aИсмаилов
_bШ.Ю. оглы
_gШамсаддин Юсуф оглы
701 1 _aДолидзе
_bР.В.
_gРоберт Вахтангович
801 0 _aRU
_bNLR
_gpsbo
801 1 _aRU
_bELAR
_2rusmarc
852 _aNLR
_j80-4/8719
942 _cBOOK
980 _aNB